000 00318nam a22001337a 4500
020 _a978-93-5029-091-0
041 _aENG
100 _aShourie Arun
245 _aDoes He Know A Mother's Heart
260 _aNew Delhi
_bHarper Collins Publishers
_c2011
300 _a435
650 _aMarathi
856 _uMarathi ( 33 )
999 _c2237
_d2237